000 00501nam a2200205 a 4500
001 BRL_231
005 20190320210639.0
008 210513s1988----mx-a######---#000-0#spa-#
041 _aspa
044 _amx
050 4 _aF1391.I9
_b.D45 1988
245 1 0 _aLa Delegación de Iztacalco.
260 _aMéxico
_bCvltvra
_c1988
300 _a143 p.
_bil.
_c23 cm.
500 _aAu244
504 _aBibliografía: p. [139]-143
651 4 _aIztacalco
_zMéxico
_923303
902 _aGRL
942 _2lcc
_cB
999 _c9044
_d9044